[Event "Havana Provincial-ch final"]
[Site "Havana"]
[Date "2009.11.05"]
[Round "17"]
[White "Aguero Jimenez, Luis Lazaro"]
[Black "Lopez, Vilier Luis A"]
[Result "1/2-1/2"]
[WhiteElo "2400"]
[BlackElo "2268"]
[PlyCount "39"]
[EventDate "2009.10.16"]
[EventType "tourn"]
[EventRounds "17"]
[EventCountry "CUB"]
[SourceTitle "CBM 133 Extra"]
[Source "ChessBase"]
[SourceDate "2010.01.05"]
[SourceVersion "1"]
[SourceVersionDate "2010.01.05"]
[SourceQuality "1"]

1. e4 e5 2. Nf3 Nc6 3. Bb5 a6 4. Ba4 Nf6 5. 0-0 b5 6. Bb3 Bc5 7. c3 d6 8. d3 Bb7 9. a4 h6 10. Nbd2 0-0 11. Re1 Ne7 12. Nf1 Ng6 13. Ng3 d5 14. d4 exd4 15. e5 Ne4 16. cxd4 Bb4 17. Re2 Qd7 18. Be3 Rfe8 19. Rc2 Nxg3 20. hxg3 1/2-1/2

[Event "Havana Provincial-ch final"]
[Site "Havana"]
[Date "2009.11.02"]
[Round "14"]
[White "Alarcon Casellas, Rolando"]
[Black "Lopez, Vilier Luis A"]
[Result "0-1"]
[WhiteElo "2375"]
[BlackElo "2268"]
[PlyCount "156"]
[EventDate "2009.10.16"]
[EventType "tourn"]
[EventRounds "17"]
[EventCountry "CUB"]
[SourceTitle "CBM 133 Extra"]
[Source "ChessBase"]
[SourceDate "2010.01.05"]
[SourceVersion "1"]
[SourceVersionDate "2010.01.05"]
[SourceQuality "1"]

1. e4 Nf6 2. Nc3 d6 3. d4 g6 4. Bg5 Bg7 5. e5 dxe5 6. dxe5 Ng4 7. Qxd8+ Kxd8 8. Rd1+ Bd7 9. e6 fxe6 10. Bc4 Ke8 11. Nf3 Nc6 12. 0-0 Nge5 13. Nxe5 Nxe5 14. Be2 Nf7 15. Bf4 Nd6 16. Bf3 Rf8 17. Bg3 Rf5 18. Ne4 Ra5 19. b3 Rxa2 20. c4 Nxe4 21. Bxe4 c6 22. h4 e5 23. Rfe1 Rb2 24. Rd3 Bg4 25. Bf3 Bf5 26. Rde3 Rb1 27. Bxe5 Rxe1+ 28. Rxe1 Bxe5 29. Rxe5 Rd8 30. h5 Rd4 31. hxg6 hxg6 32. Kf1 Kd7 33. Ra5 a6 34. Ke1 Bc2 35. Ra2 Bxb3 36. Rb2 Bxc4 37. Rxb7+ Kd6 38. Rb6 Bb5 39. Rb8 a5 40. Rg8 a4 41. Bd1 Kc5 42. Rxg6 a3 43. Rg3 Rd3 44. Rg8 Kb4 45. Ra8 c5 46. Be2 Rb3 47. Bxb5 Kxb5 48. g4 Kb4 49. g5 Rb1+ 50. Kd2 Rg1 51. Rb8+ Kc4 52. Ra8 Rxg5 53. Rxa3 Rd5+ 54. Kc2 Rf5 55. f3 Rh5 56. Ra4+ Kd5 57. Rf4 e6 58. Kc3 Rf5 59. Rh4 Rxf3+ 60. Kd2 e5 61. Ra4 Rh3 62. Rg4 e4 63. Rg8 Kc4 64. Re8 Rh2+ 65. Ke3 Kc3 66. Rxe4 c4 67. Re8 Kb3 68. Rb8+ Kc2 69. Ra8 Rh3+ 70. Ke2 c3 71. Rb8 Kc1 72. Rb7 c2 73. Rb8 Rh2+ 74. Ke1 Rh4 75. Ke2 Re4+ 76. Kd3 Re7 77. Rd8 Rb7 78. Rf8 Kb1 0-1

[Event "Havana Provincial-ch final"]
[Site "Havana"]
[Date "2009.10.28"]
[Round "10"]
[White "Fernandez Cardoso, Alexey"]
[Black "Lopez, Vilier Luis A"]
[Result "1-0"]
[WhiteElo "2419"]
[BlackElo "2268"]
[PlyCount "71"]
[EventDate "2009.10.16"]
[EventType "tourn"]
[EventRounds "17"]
[EventCountry "CUB"]
[SourceTitle "CBM 133 Extra"]
[Source "ChessBase"]
[SourceDate "2010.01.05"]
[SourceVersion "1"]
[SourceVersionDate "2010.01.05"]
[SourceQuality "1"]

1. e4 d6 2. f4 Nf6 3. Nc3 g6 4. d4 Bg7 5. Nf3 c5 6. dxc5 Qa5 7. Bd3 Qxc5 8. Qe2 Nc6 9. a3 Bg4 10. Be3 Qa5 11. 0-0 a6 12. Qf2 Bxf3 13. Qxf3 0-0 14. Kh1 Rac8 15. Rae1 e6 16. Bd2 Qc7 17. Qh3 b5 18. f5 Rce8 19. Bg5 exf5 20. exf5 Rxe1 21. Rxe1 Re8 22. Rf1 Nd7 23. Nd5 Qa7 24. Be3 Rxe3 25. Nxe3 Nde5 26. Be4 Qc5 27. f6 Bf8 28. Nf5 Nd8 29. Ne7+ Kh8 30. Bd5 h5 31. Qc8 Qb6 32. Be4 Ng4 33. h3 Nxf6 34. Rxf6 Bxe7 35. Rxf7 Bg5 36. Qc3+ 1-0

[Event "Havana Provincial-ch final"]
[Site "Havana"]
[Date "2009.10.25"]
[Round "7"]
[White "Lopez, Vilier Luis A"]
[Black "Rodriguez, Victor"]
[Result "1/2-1/2"]
[WhiteElo "2268"]
[BlackElo "2339"]
[PlyCount "143"]
[EventDate "2009.10.16"]
[EventType "tourn"]
[EventRounds "17"]
[EventCountry "CUB"]
[SourceTitle "CBM 133 Extra"]
[Source "ChessBase"]
[SourceDate "2010.01.05"]
[SourceVersion "1"]
[SourceVersionDate "2010.01.05"]
[SourceQuality "1"]

1. Nf3 f5 2. c4 Nf6 3. g3 d6 4. d4 e6 5. Bg2 Be7 6. 0-0 0-0 7. Nc3 a5 8. b3 Ne4 9. Bb2 Bf6 10. Qc2 Nxc3 11. Bxc3 Nc6 12. e4 e5 13. dxe5 dxe5 14. Rad1 Qe8 15. Rde1 Qh5 16. Qb2 f4 17. gxf4 Bh3 18. Bxh3 Qxh3 19. Qe2 Qg4+ 20. Kh1 Qxf4 21. Rd1 Be7 22. Ne1 Qh6 23. Ng2 Bc5 24. f4 exf4 25. Rd7 Be7 26. Qg4 Bf6 27. Bd2 Be5 28. Nh4 Rad8 29. Rxd8 Rxd8 30. Bxf4 Bxf4 31. Rxf4 Ne5 32. Qf5 Qd6 33. Nf3 Nxf3 34. Qf7+ Kh8 35. Rxf3 h6 36. Qf5 Re8 37. Qd5 Qb4 38. Re3 Qa3 39. Re2 c6 40. Qd2 Qc5 41. Kg2 Qh5 42. Qd3 Qg4+ 43. Kf2 Rf8+ 44. Ke1 Qh4+ 45. Qg3 Qxg3+ 46. hxg3 Rf3 47. g4 Rf4 48. g5 hxg5 49. Kd2 Kg8 50. Ke3 Kf7 51. Rd2 Ke7 52. Rd1 Rf6 53. e5 Rh6 54. Ke4 Rh2 55. Rg1 Rxa2 56. Rxg5 Kf7 57. Rf5+ Ke6 58. Rg5 Ra3 59. Rxg7 Rxb3 60. Rg6+ Kf7 61. Rh6 a4 62. Rh7+ Kg8 63. Rd7 a3 64. Rd8+ Kf7 65. Ra8 b5 66. cxb5 cxb5 67. Ra7+ Ke6 68. Ra6+ Kd7 69. Kd5 Rc3 70. Ra7+ Ke8 71. Kd6 Rd3+ 72. Kc5 1/2-1/2

[Event "Havana Provincial-ch final"]
[Site "Havana"]
[Date "2009.10.21"]
[Round "4"]
[White "Gil Martinez, Jose Luis"]
[Black "Lopez, Vilier Luis A"]
[Result "1-0"]
[WhiteElo "2297"]
[BlackElo "2268"]
[PlyCount "129"]
[EventDate "2009.10.16"]
[EventType "tourn"]
[EventRounds "17"]
[EventCountry "CUB"]
[SourceTitle "CBM 133 Extra"]
[Source "ChessBase"]
[SourceDate "2010.01.05"]
[SourceVersion "1"]
[SourceVersionDate "2010.01.05"]
[SourceQuality "1"]

1. d4 d5 2. Nf3 e6 3. c4 Nf6 4. Nc3 Be7 5. Bg5 0-0 6. e3 h6 7. Bxf6 Bxf6 8. cxd5 exd5 9. Qb3 c6 10. Bd3 Re8 11. 0-0 Nd7 12. Qc2 Be7 13. Rab1 Bd6 14. b4 a6 15. a4 b5 16. e4 bxa4 17. e5 Bb8 18. Nxa4 Nb6 19. Qxc6 Re6 20. Qc2 Nc4 21. Nc5 Rb6 22. Bxc4 dxc4 23. Qxc4 Rg6 24. Kh1 Ba7 25. d5 Bg4 26. Qe4 Kh8 27. h3 Bxf3 28. Qxf3 a5 29. Nd3 Kg8 30. bxa5 Qxa5 31. Ra1 Qb6 32. d6 Rf8 33. Nf4 Rg5 34. Nd5 Qc5 35. Ne7+ Kh7 36. Qe4+ g6 37. Nd5 Qd4 38. f4 Rg3 39. Qxd4 Bxd4 40. Rad1 Ba7 41. Rf3 Rxf3 42. gxf3 Kg7 43. Rc1 Rd8 44. Rc7 Bb8 45. Rb7 g5 46. Ne7 Bxd6 47. Nf5+ Kg6 48. Nxd6 gxf4 49. Nxf7 Rd1+ 50. Kg2 Rd2+ 51. Kf1 Rd3 52. Ke2 Re3+ 53. Kf2 h5 54. h4 Kf5 55. Nd6+ Ke6 56. Ne4 Ra3 57. Rb5 Ra2+ 58. Kg1 Re2 59. Ng5+ Kf5 60. e6+ Kf6 61. Rb7 Re1+ 62. Kf2 Re5 63. Rf7+ Kg6 64. Rxf4 Kg7 65. Re4 1-0

[Event "Havana Provincial-ch final"]
[Site "Havana"]
[Date "2009.10.20"]
[Round "3"]
[White "Lopez, Vilier Luis A"]
[Black "Gutierrez Delgado, Yusuan Alfredo"]
[Result "1-0"]
[WhiteElo "2268"]
[BlackElo "2321"]
[PlyCount "93"]
[EventDate "2009.10.16"]
[EventType "tourn"]
[EventRounds "17"]
[EventCountry "CUB"]
[SourceTitle "CBM 133 Extra"]
[Source "ChessBase"]
[SourceDate "2010.01.05"]
[SourceVersion "1"]
[SourceVersionDate "2010.01.05"]
[SourceQuality "1"]

1. Nf3 d5 2. d4 Nf6 3. c4 c6 4. cxd5 cxd5 5. Nc3 Nc6 6. Bf4 Bf5 7. Qb3 Na5 8. Qa4+ Bd7 9. Qc2 Rc8 10. Nd2 b5 11. a3 g6 12. e3 Bg7 13. Bd3 0-0 14. Nb3 Nc4 15. 0-0 a5 16. Qe2 Qb6 17. Rfc1 a4 18. Nc5 Rxc5 19. dxc5 Qxc5 20. e4 Nh5 21. Nxd5 Nxf4 22. Nxf4 Qe5 23. Bxc4 bxc4 24. Nd5 Qxb2 25. Nxe7+ Kh8 26. Qxc4 Bd4 27. Ra2 Bxf2+ 28. Kh1 Qd4 29. Qe2 Be3 30. Rd1 Bb5 31. Qc2 Qc5 32. Qb2+ f6 33. Nd5 Bc4 34. Raa1 Bg5 35. Qc3 Qc6 36. Qd4 Bb3 37. Rf1 Kg7 38. h3 Rf7 39. Rae1 Qc4 40. Qf2 Qc2 41. Qd4 Qc4 42. Qa1 Bc2 43. Ne3 Bxe3 44. Rxe3 Bxe4 45. Rfe1 Re7 46. Qb2 Kf7 47. Rxe4 1-0

[Event "Havana"]
[Site "Havana"]
[Date "2009.07.05"]
[Round "14"]
[White "Larrua Gonzalez, Fernando Oscar"]
[Black "Lopez, Vilier Luis A"]
[Result "1/2-1/2"]
[WhiteElo "2255"]
[BlackElo "2268"]
[PlyCount "61"]
[EventDate "2009.06.22"]
[EventType "tourn"]
[EventRounds "15"]
[EventCountry "CUB"]
[EventCategory "1"]
[SourceTitle "CBM 131 Extra"]
[Source "ChessBase"]
[SourceDate "2009.09.03"]
[SourceVersion "2"]
[SourceVersionDate "2009.09.16"]
[SourceQuality "1"]

1. e4 d6 2. d4 Nf6 3. Nc3 g6 4. f4 Bg7 5. Nf3 c5 6. dxc5 Qa5 7. Bb5+ Bd7 8. Bxd7+ Nbxd7 9. 0-0 Qxc5+ 10. Kh1 Rc8 11. Qe1 Ng4 12. h3 Bxc3 13. bxc3 Ngf6 14. e5 Nh5 15. Rb1 b6 16. g4 Ng7 17. Be3 Qxc3 18. Qxc3 Rxc3 19. Bd4 Rc4 20. exd6 0-0 21. Bxg7 Kxg7 22. dxe7 Re8 23. Rfe1 Rxc2 24. Nd4 Rxa2 25. Nb5 Nf6 26. Rbd1 Rc8 27. g5 Ne8 28. Nd6 Nxd6 29. Rxd6 Rcc2 30. e8N+ Kf8 31. Nf6 1/2-1/2

[Event "Havana"]
[Site "Havana"]
[Date "2009.07.04"]
[Round "13"]
[White "Lopez, Vilier Luis A"]
[Black "Fernandez Hernandez, Arturo Augusto"]
[Result "0-1"]
[WhiteElo "2268"]
[BlackElo "2289"]
[PlyCount "102"]
[EventDate "2009.06.22"]
[EventType "tourn"]
[EventRounds "15"]
[EventCountry "CUB"]
[EventCategory "1"]
[SourceTitle "CBM 131 Extra"]
[Source "ChessBase"]
[SourceDate "2009.09.03"]
[SourceVersion "2"]
[SourceVersionDate "2009.09.16"]
[SourceQuality "1"]

1. c4 e6 2. Nf3 d5 3. d4 Nf6 4. Nc3 c6 5. cxd5 exd5 6. Qc2 g6 7. Bg5 Be7 8. e3 Bf5 9. Bd3 Bxd3 10. Qxd3 Nbd7 11. 0-0 0-0 12. Rab1 a5 13. Rfc1 Re8 14. Nd2 Ne4 15. Bf4 f5 16. Ncxe4 fxe4 17. Qb3 Bb4 18. Rd1 Qb6 19. Qc2 a4 20. Nf1 Qa6 21. Rdc1 Re6 22. Ng3 a3 23. b3 Be7 24. Qd1 h5 25. b4 b5 26. Rb3 Qc8 27. f3 exf3 28. e4 f2+ 29. Kxf2 Qf8 30. Rf3 dxe4 31. d5 Rf6 32. Nxh5 exf3 33. Nxf6+ Qxf6 34. dxc6 Nb6 35. Qxf3 Rf8 36. g3 Qb2+ 37. Qe2 Qxe2+ 38. Kxe2 Rc8 39. h4 Bxb4 40. c7 Nd5 41. Be5 Nxc7 42. Kf3 Rf8+ 43. Ke4 Re8 44. Rc6 Re6 45. Rxc7 Bd6 46. Rc6 Rxe5+ 47. Kd4 Re6 48. Kd5 Rf6 49. g4 Be7 50. Rc7 Kf7 51. Ke4 Rf2 0-1

[Event "Havana"]
[Site "Havana"]
[Date "2009.07.02"]
[Round "11"]
[White "Lopez, Vilier Luis A"]
[Black "Diaz Hernandez, Heriberto"]
[Result "1-0"]
[WhiteElo "2268"]
[BlackElo "2241"]
[PlyCount "57"]
[EventDate "2009.06.22"]
[EventType "tourn"]
[EventRounds "15"]
[EventCountry "CUB"]
[EventCategory "1"]
[SourceTitle "CBM 131 Extra"]
[Source "ChessBase"]
[SourceDate "2009.09.03"]
[SourceVersion "2"]
[SourceVersionDate "2009.09.16"]
[SourceQuality "1"]

1. c4 Nf6 2. Nc3 e6 3. d4 d5 4. Bg5 c6 5. e3 h6 6. Bh4 Be7 7. Nf3 0-0 8. cxd5 exd5 9. Qc2 Ne4 10. Bxe7 Qxe7 11. Bd3 Bf5 12. Bxe4 Bxe4 13. Nxe4 dxe4 14. Nd2 Re8 15. Qb3 Na6 16. 0-0 c5 17. Nc4 Rad8 18. Rad1 cxd4 19. exd4 Qb4 20. Qc3 b5 21. Ne3 Rc8 22. Qd2 Red8 23. Qe2 Nc7 24. Qg4 Ne6 25. Nf5 h5 26. Qh4 Rd7 27. a3 Qf8 28. d5 Rcd8 29. dxe6 1-0

[Event "Havana"]
[Site "Havana"]
[Date "2009.06.29"]
[Round "8"]
[White "Lopez, Vilier Luis A"]
[Black "Gonzalez Perez, Arian"]
[Result "1/2-1/2"]
[WhiteElo "2268"]
[BlackElo "2349"]
[PlyCount "60"]
[EventDate "2009.06.22"]
[EventType "tourn"]
[EventRounds "15"]
[EventCountry "CUB"]
[EventCategory "1"]
[SourceTitle "CBM 131 Extra"]
[Source "ChessBase"]
[SourceDate "2009.09.03"]
[SourceVersion "2"]
[SourceVersionDate "2009.09.16"]
[SourceQuality "1"]

1. Nf3 Nf6 2. c4 g6 3. Nc3 Bg7 4. e4 d6 5. d4 0-0 6. Be2 e5 7. 0-0 Nc6 8. d5 Ne7 9. b4 Nh5 10. Re1 f5 11. Ng5 Nf6 12. Bf3 c6 13. Qb3 h6 14. Ne6 Bxe6 15. dxe6 Qc8 16. c5 fxe4 17. cxd6 exf3 18. dxe7 Re8 19. Ne4 Nxe4 20. Rxe4 Rxe7 21. Qxf3 Qxe6 22. Qe2 Qd5 23. Bb2 a5 24. bxa5 Rxa5 25. Bc3 Ra8 26. Kh1 Rf7 27. f3 Rf5 28. a4 Rd8 29. Re1 Rd7 30. h3 Rf4 1/2-1/2

[Event "Havana"]
[Site "Havana"]
[Date "2009.06.26"]
[Round "5"]
[White "Gonzalez Vega, Alejandro"]
[Black "Lopez, Vilier Luis A"]
[Result "1/2-1/2"]
[WhiteElo "2210"]
[BlackElo "2268"]
[PlyCount "93"]
[EventDate "2009.06.22"]
[EventType "tourn"]
[EventRounds "15"]
[EventCountry "CUB"]
[EventCategory "1"]
[SourceTitle "CBM 131 Extra"]
[Source "ChessBase"]
[SourceDate "2009.09.03"]
[SourceVersion "2"]
[SourceVersionDate "2009.09.16"]
[SourceQuality "1"]

1. d4 d5 2. c4 e6 3. cxd5 exd5 4. Nc3 c6 5. Bf4 Bd6 6. Bg3 Ne7 7. e3 Nf5 8. Bd3 Qe7 9. Nge2 Nxg3 10. hxg3 Nd7 11. Qc2 h6 12. Nf4 Nf6 13. Nh5 Nxh5 14. Rxh5 0-0 15. Rh4 Be6 16. 0-0-0 Rfc8 17. Kb1 c5 18. Bh7+ Kh8 19. Bf5 b5 20. Bxe6 Qxe6 21. dxc5 Rxc5 22. Qd3 Be5 23. Nxb5 Bxb2 24. Rb4 Bf6 25. Nd4 Qd7 26. Nb3 Rcc8 27. Qxd5 Qe7 28. Qe4 Qf8 29. Ra4 Rab8 30. Rd2 Qc5 31. Rc2 Qb5 32. Rac4 Rd8 33. Kc1 a5 34. Qc6 Qh5 35. Rd2 Rxd2 36. Kxd2 Qf5 37. Ke2 Qb1 38. Rc2 a4 39. Nd2 Qb4 40. Rc4 Qb2 41. Qxa4 Qb7 42. Qc6 Qb2 43. Rc2 Qa3 44. Qc5 Qa4 45. Qc4 Qd7 46. Qc6 Qf5 47. Qe4 1/2-1/2